| 000 | 00763cam a2200265 4500 | ||
|---|---|---|---|
| 001 | sa 68012147 | ||
| 003 | DLC | ||
| 005 | 20260227112607.0 | ||
| 008 | 691024s1968 ii b 000 0 eng | ||
| 010 | _asa 68012147 | ||
| 025 | _aPL480:I-E-10737 | ||
| 040 |
_aDLC _cDLC _dDLC |
||
| 050 | 0 | 0 |
_aB132.N8 _bG84 1968 |
| 082 | 0 | 0 | _a160 |
| 100 | 1 | _aGuha, Dineśacandra. | |
| 245 | 1 | 0 |
_aNavya Nyāya System of logic; _bsome basic theories & techniques. |
| 250 | _a[1st ed.] | ||
| 260 |
_aVaranasi, _bBhāratiya Vidyā Prakāsan _c[1968] |
||
| 300 |
_axvi, 335 p. _c22 cm. |
||
| 350 | _a25.00 | ||
| 500 | _aA revision of the author's thesis, Calcutta University, 1963. | ||
| 504 | _aBibliography: p. [312]-320. | ||
| 650 | 0 | _aNavya Nyāya. | |
| 650 | 0 | _aLogic. | |
| 999 |
_c84334 _d84334 |
||